Production and Operations Management : Principles and Techniques. (Record no. 2503)

MARC details
005 - DATE AND TIME OF LATEST TRANSACTION
control field 20250522095833.0
020 ## - INTERNATIONAL STANDARD BOOK NUMBER
International Standard Book Number 0 304 31568 0
082 ## - DEWEY DECIMAL CLASSIFICATION NUMBER
Classification number 658.54 WIL
100 ## - MAIN ENTRY--PERSONAL NAME
Author name WILD, R.
245 ## - TITLE STATEMENT
Title Production and Operations Management : Principles and Techniques.
250 ## - EDITION STATEMENT
Edition statement 3rd Ed
260 ## - PUBLICATION, DISTRIBUTION, ETC.
Place of publication, distribution, etc. London,
Name of publisher, distributor, etc. Cassell Education,
Date of publication, distribution, etc. 1986.
300 ## - PHYSICAL DESCRIPTION
Extent viii, 747p.: ill.; figure, table
Other physical details Index
Dimensions 24cm.
942 ## - ADDED ENTRY ELEMENTS (KOHA)
Source of classification or shelving scheme Dewey Decimal Classification
Koha item type Books
Holdings
Date last seen Total checkouts Full call number Barcode Cost, replacement price Price effective from Koha item type Lost status Source of classification or shelving scheme Damaged status Not for loan Withdrawn status Home library Current library Shelving location Date acquired Cost, normal purchase price
05/22/2025   658.54 WIL 0000009431 30000.00 05/22/2025 Books   Dewey Decimal Classification       College of Business Education Main Library College of Business Education Main Library General Collection 02/02/1989 10000.00
05/22/2025   658.54 WIL 0000009432 30000.00 05/22/2025 Books   Dewey Decimal Classification       College of Business Education Main Library College of Business Education Main Library General Collection 02/02/1989 10000.00